000
00335pab a2200145 454500
008
180718b1990 xxu||||| |||| 00| 0 eng d
100
_a
Singh, Amrik
245
_a
Punjab
_b
The changing scenario
260
_c
1990
300
_a
35-6,157
362
_a
27 Oct.
650
_a
Punjab - Politics
773
_a
Mainstream
909
_a
16976
999
_c
16976
_d
16976